000
00281nam a2200109Ia 4500
001
1272289
005
20260417151425.0
008
260417s9999 xx 000 0 und d
020
_a
9786258159370
245
0
_a
Hayatımdan Hayvan Hikayeleri
_c
Ümit Meriç
260
_b
Ketebe Çocuk
999
_c
1272289
_d
1272289